MARC details
| 000 -LEADER |
| fixed length control field |
02672fam a2200361 a 4500 |
| 001 - CONTROL NUMBER |
| control field |
2237432 |
| 003 - CONTROL NUMBER IDENTIFIER |
| control field |
ARRUPE |
| 005 - DATE AND TIME OF LATEST TRANSACTION |
| control field |
20150122155921.0 |
| 008 - FIXED-LENGTH DATA ELEMENTS--GENERAL INFORMATION |
| fixed length control field |
970728s1997 mnu b 001 0 eng |
| 010 ## - LIBRARY OF CONGRESS CONTROL NUMBER |
| LC control number |
97036033 |
| 020 ## - INTERNATIONAL STANDARD BOOK NUMBER |
| International Standard Book Number |
0816631247 (alk. paper) |
| 020 ## - INTERNATIONAL STANDARD BOOK NUMBER |
| International Standard Book Number |
0816631255 (pbk. : alk. paper) |
| 035 ## - SYSTEM CONTROL NUMBER |
| System control number |
(OCoLC)37499917 |
| 035 ## - SYSTEM CONTROL NUMBER |
| System control number |
(OCoLC)ocm37499917 |
| 035 ## - SYSTEM CONTROL NUMBER |
| System control number |
(NNC)2237432 |
| 040 ## - CATALOGING SOURCE |
| Original cataloging agency |
DLC |
| Transcribing agency |
DLC |
| Modifying agency |
DLC |
| -- |
OrLoB-B |
| 050 00 - LIBRARY OF CONGRESS CALL NUMBER |
| Classification number |
Q175.5 |
| Item number |
.F85 1997 |
| 082 00 - DEWEY DECIMAL CLASSIFICATION NUMBER |
| Classification number |
306.4/5 |
| Edition number |
21 |
| 300 ## - PHYSICAL DESCRIPTION |
| Dimensions |
23 cm. |
| 100 1# - MAIN ENTRY--PERSONAL NAME |
| Personal name |
Fuller, Steve, |
| Dates associated with a name |
1959- |
| 9 (RLIN) |
14246 |
| 245 10 - TITLE STATEMENT |
| Title |
Science |
| Statement of responsibility, etc |
Steve Fuller. |
| 260 ## - PUBLICATION, DISTRIBUTION, ETC. (IMPRINT) |
| Place of publication, distribution, etc |
Minneapolis : |
| Name of publisher, distributor, etc |
University of Minnesota Press, |
| Date of publication, distribution, etc |
1997. |
| 300 ## - PHYSICAL DESCRIPTION |
| Extent |
viii, 159 p. ; |
| 490 1# - SERIES STATEMENT |
| Series statement |
Concepts in social thought |
| 504 ## - BIBLIOGRAPHY, ETC. NOTE |
| Bibliography, etc |
Includes bibliographical references (p. [147]-155) and index. |
| 505 00 - FORMATTED CONTENTS NOTE |
| Miscellaneous information |
1. |
| Title |
The Public Understanding of Science: Our Latest Moral Panic -- |
| Miscellaneous information |
2. |
| Title |
The Sociological Peculiarity of the Natural Sciences -- |
| Miscellaneous information |
3. |
| Title |
'Science', 'Scientific', 'Scientist': Some Exercises in Conceptual Analysis -- |
| Miscellaneous information |
4. |
| Title |
Science as Superstition: A Lost Martian Chronicle -- |
| Miscellaneous information |
5. |
| Title |
The Secret of Science's Success: Convenient Forgetfulness -- |
| Miscellaneous information |
6. |
| Title |
Western Science from the Outside In: The View from Islam and Japan -- |
| Miscellaneous information |
7. |
| Title |
Science as the Standard of Civilization: Does it have a Future? |
| 520 ## - SUMMARY, ETC. |
| Summary, etc |
What qualifies such seemingly disparate disciplines as paleontology, high-energy physics, industrial chemistry and genetic engineering as "sciences," and hence worthy of sustained public interest and support? In this innovative and controversial introduction to the social character of scientific knowledge, Steve Fuller argues that if these disciplines share anything at all, it is more likely to be the way they strategically misinterpret their own history than any privileged access to the nature of reality. |
| 520 8# - SUMMARY, ETC. |
| Summary, etc |
The book features a report written in the persons of a Martian anthropologist who systematically compares religious and scientific institutions on earth, only to find that science does not necessarily live up to its own ideals of rationality. In addition, Fuller highlights science's multicultural nature through a discussion of episodes in which the West's own understanding of science has been decisively affected by its encounters with Islam and Japan. |
| 520 8# - SUMMARY, ETC. |
| Summary, etc |
An important theme of the book is that science's most attractive feature - its openness to criticism - is threatened by the role it increasingly plays in the maintenance of social and economic order. |
| 650 #0 - SUBJECT ADDED ENTRY--TOPICAL TERM |
| Topical term or geographic name as entry element |
Science |
| General subdivision |
Social aspects. |
| 9 (RLIN) |
9989 |
| 830 #0 - SERIES ADDED ENTRY--UNIFORM TITLE |
| Uniform title |
Concepts in social thought. |
| 9 (RLIN) |
14247 |
| 900 ## - EQUIVALENCE OR CROSS-REFERENCE-PERSONAL NAME [LOCAL, CANADA] |
| Numeration |
TOC |
| 942 ## - ADDED ENTRY ELEMENTS (KOHA) |
| Source of classification or shelving scheme |
Library of Congress Classification |
| Koha item type |
Monograph ( Printed materials) |